Geographical Research in the Digital Humanities. (Record no. 80634)
[ view plain ]
| 000 -LEADER | |
|---|---|
| fixed length control field | 01062cam a2200325Mi 4500 |
| 001 - CONTROL NUMBER | |
| control field | on1424753669 |
| 003 - CONTROL NUMBER IDENTIFIER | |
| control field | OCoLC |
| 005 - DATE AND TIME OF LATEST TRANSACTION | |
| control field | 20240620195749.0 |
| 006 - FIXED-LENGTH DATA ELEMENTS--ADDITIONAL MATERIAL CHARACTERISTICS | |
| fixed length control field | m o d |
| 007 - PHYSICAL DESCRIPTION FIXED FIELD--GENERAL INFORMATION | |
| fixed length control field | cr ||||||||||| |
| 008 - FIXED-LENGTH DATA ELEMENTS--GENERAL INFORMATION | |
| fixed length control field | 240301s2024 xx o ||| 0 eng d |
| 040 ## - CATALOGING SOURCE | |
| Original cataloging agency | SFB |
| Language of cataloging | eng |
| Description conventions | rda |
| Transcribing agency | SFB |
| Modifying agency | OCLKB |
| -- | JSTOR |
| -- | N$T |
| 020 ## - INTERNATIONAL STANDARD BOOK NUMBER | |
| International Standard Book Number | 9783839469187 |
| Qualifying information | (electronic bk.) |
| 020 ## - INTERNATIONAL STANDARD BOOK NUMBER | |
| International Standard Book Number | 383946918X |
| Qualifying information | (electronic bk.) |
| 035 ## - SYSTEM CONTROL NUMBER | |
| System control number | (OCoLC)1424753669 |
| Canceled/invalid control number | (OCoLC)1424517436 |
| 037 ## - SOURCE OF ACQUISITION | |
| Stock number | 22573/cats13059038 |
| Source of stock number/acquisition | JSTOR |
| 050 #4 - LIBRARY OF CONGRESS CALL NUMBER | |
| Classification number | AZ195 |
| 245 00 - TITLE STATEMENT | |
| Title | Geographical Research in the Digital Humanities. |
| 264 #1 - PRODUCTION, PUBLICATION, DISTRIBUTION, MANUFACTURE, AND COPYRIGHT NOTICE | |
| Name of producer, publisher, distributor, manufacturer | Bielefeld University Press |
| Date of production, publication, distribution, manufacture, or copyright notice | 2024. |
| 300 ## - PHYSICAL DESCRIPTION | |
| Extent | 1 online resource |
| 336 ## - CONTENT TYPE | |
| Content type term | text |
| Content type code | txt |
| Source | rdacontent |
| 337 ## - MEDIA TYPE | |
| Media type term | computer |
| Media type code | c |
| Source | rdamedia |
| 338 ## - CARRIER TYPE | |
| Carrier type term | online resource |
| Carrier type code | cr |
| Source | rdacarrier |
| 506 0# - RESTRICTIONS ON ACCESS NOTE | |
| Institution to which field applies | EbpS |
| 590 ## - LOCAL NOTE (RLIN) | |
| Local note | JSTOR |
| Provenance (VM) [OBSOLETE] | Books at JSTOR Open Access |
| 650 #0 - SUBJECT ADDED ENTRY--TOPICAL TERM | |
| Topical term or geographic name entry element | Digital humanities. |
| Authority record control number or standard number | http://id.loc.gov/authorities/subjects/sh2008122106 |
| 856 40 - ELECTRONIC LOCATION AND ACCESS | |
| Uniform Resource Identifier | <a href="https://www.jstor.org/stable/10.2307/jj.13083323">https://www.jstor.org/stable/10.2307/jj.13083323</a> |
| 942 ## - ADDED ENTRY ELEMENTS (KOHA) | |
| Koha item type | E-Book |
| 994 ## - | |
| -- | 92 |
| -- | PHURS |
| Withdrawn status | Source of classification or shelving scheme | Damaged status | Not for loan | Home library | Current library | Date acquired | Total Checkouts | Date last seen | Price effective from | Koha item type |
|---|---|---|---|---|---|---|---|---|---|---|
| Library of Congress Classification | Not For Loan | JSTOR Open Access Books | JSTOR Open Access Books | 06/05/2024 | 06/05/2024 | 06/05/2024 | E-Book |